<?xml version="1.0" encoding="UTF-8"?>
<record
    xmlns:xsi="http://www.w3.org/2001/XMLSchema-instance"
    xsi:schemaLocation="http://www.loc.gov/MARC21/slim http://www.loc.gov/standards/marcxml/schema/MARC21slim.xsd"
    xmlns="http://www.loc.gov/MARC21/slim">

  <leader>00589nam a22001817a 4500</leader>
  <controlfield tag="005">20240906121606.0</controlfield>
  <controlfield tag="008">140129b        mx ||||| |||| 00| 0 spa d</controlfield>
  <datafield tag="050" ind1=" " ind2=" ">
    <subfield code="a">PQ7297 </subfield>
    <subfield code="b">M3 1982 </subfield>
  </datafield>
  <datafield tag="050" ind1="0" ind2="4">
    <subfield code="a">PQ7297.M2867</subfield>
    <subfield code="b">E33 1984</subfield>
  </datafield>
  <datafield tag="100" ind1="1" ind2=" ">
    <subfield code="a">Mart&#xED;nez Ocaranza, Ram&#xF3;n </subfield>
  </datafield>
  <datafield tag="245" ind1="1" ind2="3">
    <subfield code="a">La edad del tiempo  </subfield>
    <subfield code="c"> / Ram&#xF3;n Mart&#xED;nez Ocaranza.</subfield>
  </datafield>
  <datafield tag="250" ind1=" " ind2=" ">
    <subfield code="a">1a ed.</subfield>
  </datafield>
  <datafield tag="260" ind1=" " ind2=" ">
    <subfield code="a">Morelia : </subfield>
    <subfield code="b">Universidad Michoacana de San Nic&#xF3;las deHidalgo,</subfield>
    <subfield code="c">1984</subfield>
  </datafield>
  <datafield tag="300" ind1=" " ind2=" ">
    <subfield code="a">109 p. ; </subfield>
    <subfield code="c">21 cm. </subfield>
  </datafield>
  <datafield tag="650" ind1=" " ind2="7">
    <subfield code="2">lemb</subfield>
    <subfield code="a">Literatura mexicana </subfield>
    <subfield code="y">Siglo XX</subfield>
  </datafield>
  <datafield tag="650" ind1=" " ind2="7">
    <subfield code="2">lemb</subfield>
    <subfield code="a">Poes&#xED;a mexicana</subfield>
    <subfield code="y">Siglo XX</subfield>
  </datafield>
  <datafield tag="942" ind1=" " ind2=" ">
    <subfield code="2">lcc</subfield>
    <subfield code="c">LIB</subfield>
  </datafield>
  <datafield tag="999" ind1=" " ind2=" ">
    <subfield code="c">3110</subfield>
    <subfield code="d">3110</subfield>
  </datafield>
  <datafield tag="952" ind1=" " ind2=" ">
    <subfield code="1">0</subfield>
    <subfield code="2">lcc</subfield>
    <subfield code="4">0</subfield>
    <subfield code="7">0</subfield>
    <subfield code="a">HEM-021</subfield>
    <subfield code="b">HEM-021</subfield>
    <subfield code="c">GENERAL</subfield>
    <subfield code="d">2014-01-29</subfield>
    <subfield code="f">s.e.</subfield>
    <subfield code="i">T</subfield>
    <subfield code="k">EH</subfield>
    <subfield code="o">PQ7297 M3 1982 </subfield>
    <subfield code="p">HPU000001429</subfield>
    <subfield code="r">2014-01-29 00:00:00</subfield>
    <subfield code="t">1</subfield>
    <subfield code="y">LIB</subfield>
  </datafield>
  <datafield tag="952" ind1=" " ind2=" ">
    <subfield code="1">0</subfield>
    <subfield code="2">lcc</subfield>
    <subfield code="4">0</subfield>
    <subfield code="7">0</subfield>
    <subfield code="a">BACH-004</subfield>
    <subfield code="b">BACH-004</subfield>
    <subfield code="c">GENERAL</subfield>
    <subfield code="d">2015-10-05</subfield>
    <subfield code="f">1a. ed.</subfield>
    <subfield code="k">EH</subfield>
    <subfield code="o">PQ7084.M3 E3 1984</subfield>
    <subfield code="p">PPO000000318</subfield>
    <subfield code="r">2015-10-05 00:00:00</subfield>
    <subfield code="t">C:1</subfield>
    <subfield code="y">LIB</subfield>
  </datafield>
  <datafield tag="952" ind1=" " ind2=" ">
    <subfield code="1">0</subfield>
    <subfield code="2">lcc</subfield>
    <subfield code="4">0</subfield>
    <subfield code="7">0</subfield>
    <subfield code="a">BACH-004</subfield>
    <subfield code="b">BACH-004</subfield>
    <subfield code="c">GENERAL</subfield>
    <subfield code="d">2015-10-05</subfield>
    <subfield code="f">1a. ed.</subfield>
    <subfield code="k">EH</subfield>
    <subfield code="o">PQ7084.M3 E3 1984</subfield>
    <subfield code="p">PPO000000317</subfield>
    <subfield code="r">2015-10-05 00:00:00</subfield>
    <subfield code="t">C:2</subfield>
    <subfield code="y">LIB</subfield>
  </datafield>
  <datafield tag="952" ind1=" " ind2=" ">
    <subfield code="1">0</subfield>
    <subfield code="2">lcc</subfield>
    <subfield code="4">0</subfield>
    <subfield code="7">0</subfield>
    <subfield code="a">BACH-004</subfield>
    <subfield code="b">BACH-004</subfield>
    <subfield code="c">GENERAL</subfield>
    <subfield code="d">2015-10-05</subfield>
    <subfield code="f">1a. ed.</subfield>
    <subfield code="k">EH</subfield>
    <subfield code="o">PQ7084.M3 E3 1984</subfield>
    <subfield code="p">PPO000000316</subfield>
    <subfield code="r">2015-10-05 00:00:00</subfield>
    <subfield code="t">C:3</subfield>
    <subfield code="y">LIB</subfield>
  </datafield>
  <datafield tag="952" ind1=" " ind2=" ">
    <subfield code="1">0</subfield>
    <subfield code="2">lcc</subfield>
    <subfield code="4">0</subfield>
    <subfield code="7">0</subfield>
    <subfield code="a">BACH-006</subfield>
    <subfield code="b">BACH-006</subfield>
    <subfield code="c">GENERAL</subfield>
    <subfield code="d">2018-07-03</subfield>
    <subfield code="f">1a ed.</subfield>
    <subfield code="k">EH</subfield>
    <subfield code="o">PQ7297.M2867 M37 1984</subfield>
    <subfield code="p">PIA000000048</subfield>
    <subfield code="r">2018-07-03 00:00:00</subfield>
    <subfield code="t">1</subfield>
    <subfield code="v">1.00</subfield>
    <subfield code="y">LIB</subfield>
  </datafield>
  <datafield tag="952" ind1=" " ind2=" ">
    <subfield code="1">0</subfield>
    <subfield code="2">lcc</subfield>
    <subfield code="4">0</subfield>
    <subfield code="7">0</subfield>
    <subfield code="a">BACH-006</subfield>
    <subfield code="b">BACH-006</subfield>
    <subfield code="c">GENERAL</subfield>
    <subfield code="d">2021-12-02</subfield>
    <subfield code="f">1a ed.</subfield>
    <subfield code="k">EH</subfield>
    <subfield code="l">0</subfield>
    <subfield code="o">PQ7297.M2867 E33 1984</subfield>
    <subfield code="p">PIA000006481</subfield>
    <subfield code="r">2021-12-02 00:00:00</subfield>
    <subfield code="t">2</subfield>
    <subfield code="v">1.00</subfield>
    <subfield code="y">LIB</subfield>
  </datafield>
  <datafield tag="952" ind1=" " ind2=" ">
    <subfield code="1">0</subfield>
    <subfield code="2">lcc</subfield>
    <subfield code="4">0</subfield>
    <subfield code="7">0</subfield>
    <subfield code="a">BACH-006</subfield>
    <subfield code="b">BACH-006</subfield>
    <subfield code="c">GENERAL</subfield>
    <subfield code="d">2021-12-02</subfield>
    <subfield code="f">1a ed.</subfield>
    <subfield code="k">EH</subfield>
    <subfield code="l">0</subfield>
    <subfield code="o">PQ7297.M2867 E33 1984</subfield>
    <subfield code="p">PIA000006482</subfield>
    <subfield code="r">2021-12-02 00:00:00</subfield>
    <subfield code="t">3</subfield>
    <subfield code="v">1.00</subfield>
    <subfield code="y">LIB</subfield>
  </datafield>
  <datafield tag="952" ind1=" " ind2=" ">
    <subfield code="1">0</subfield>
    <subfield code="2">lcc</subfield>
    <subfield code="4">0</subfield>
    <subfield code="7">0</subfield>
    <subfield code="a">BACH-006</subfield>
    <subfield code="b">BACH-006</subfield>
    <subfield code="c">GENERAL</subfield>
    <subfield code="d">2021-12-02</subfield>
    <subfield code="f">1a ed.</subfield>
    <subfield code="k">EH</subfield>
    <subfield code="l">0</subfield>
    <subfield code="o">PQ7297.M2867 E33 1984</subfield>
    <subfield code="p">PIA000006483</subfield>
    <subfield code="r">2021-12-02 00:00:00</subfield>
    <subfield code="t">4</subfield>
    <subfield code="v">1.00</subfield>
    <subfield code="y">LIB</subfield>
  </datafield>
  <datafield tag="952" ind1=" " ind2=" ">
    <subfield code="1">0</subfield>
    <subfield code="2">lcc</subfield>
    <subfield code="4">0</subfield>
    <subfield code="7">0</subfield>
    <subfield code="a">LIC-046</subfield>
    <subfield code="b">LIC-046</subfield>
    <subfield code="c">GENERAL</subfield>
    <subfield code="d">2024-09-06</subfield>
    <subfield code="f">1a ed.</subfield>
    <subfield code="k">EH</subfield>
    <subfield code="l">0</subfield>
    <subfield code="o">PQ7297.M2867 E33 1984</subfield>
    <subfield code="p">LLH000010316</subfield>
    <subfield code="r">2024-09-06 12:36:25</subfield>
    <subfield code="t">1</subfield>
    <subfield code="v">1.00</subfield>
    <subfield code="y">LIB</subfield>
  </datafield>
</record>
